LEADER 00850nam0-22003131i-450- 001 990006839720403321 005 20001010 035 $a000683972 035 $aFED01000683972 035 $a(Aleph)000683972FED01 035 $a000683972 100 $a20001010d--------km-y0itay50------ba 101 0 $aita 105 $ay-------001yy 200 1 $aSmoothing methods in statistics$fJeffrey S. Simonoff. 210 $aNew York$cSpringer$dc 1996. 215 $aX, 340 p.$d24 cm 225 1 $aSpringer series in statistics$v 610 0 $aStatistica 676 $a519.536 700 1$aSimonoff,$bJeffrey S.$0116785 801 0$aIT$bUNINA$gRICA$2UNIMARC 901 $aBK 912 $a990006839720403321 952 $aVI E 669$b29481$fFSPBC 959 $aFSPBC 996 $aSmoothing methods in statistics$9415482 997 $aUNINA DB $aGEN01 LEADER 00831nam2-22003011i-450 001 990002043260403321 005 20250306170906.0 035 $a000204326 100 $a20030910f1938----km-y0itay50------ba 101 0 $ager 102 $aDE 105 $aa m001yy 200 1 $aAcanthocephala (Kratzer)$fAnton Meyer 210 $aLeipzig$cQuelle & Meyer$d[1938?] 215 $a40 p.$d24 cm 225 1 $a<>Tierwelt Mitteleuropas$h6$iUrtiere, Holtiere, Würmer$v1 461 0$1001000202898 610 0 $aVermi 610 0 $aAcanthocephala 676 $a595.13$v23$zita 700 1$aMeyer,$bAnton$0360600 801 0$aIT$bUNINA$gRICA$2UNIMARC 901 $aBK 912 $a990002043260403321 952 $aB ENT 144$b01/0244/25$fFAGBC 959 $aFAGBC 996 $aAcanthocephala (Kratzer$9406990 997 $aUNINA